Lý thuyết và thực hành kế toán tài chính (Lý thuyết, bài tập có lời giải mẫu)

Trình bày những vấn đề cơ bản về kế toán tài chính: kế toán tài sản bằng tiền và các khoản phải thu, kế toán hàng tồn kho và các khoản đầu tư, kế toán tài sản cố định, kế toán tiền lương và các khoản trích theo lương, kế toán chi phí...

Szczegółowa specyfikacja

Zapisane w:
Opis bibliograficzny
1. autor: Nguyễn, Phú Giang
Format: Książka
Język:Undetermined
Wydane: Hà Nội Tài chính 2014
Hasła przedmiotowe:
Etykiety: Dodaj etykietę
Nie ma etykietki, Dołącz pierwszą etykiete!
Thư viện lưu trữ: Trung tâm Học liệu Trường Đại học Cần Thơ
LEADER 01075nam a2200217Ia 4500
001 CTU_202833
008 210402s9999 xx 000 0 und d
020 |c 135000 
082 |a 657 
082 |b Gi106 
100 |a Nguyễn, Phú Giang 
245 0 |a Lý thuyết và thực hành kế toán tài chính 
245 0 |b (Lý thuyết, bài tập có lời giải mẫu) 
245 0 |c Nguyễn Phú Giang 
260 |a Hà Nội 
260 |b Tài chính 
260 |c 2014 
520 |a Trình bày những vấn đề cơ bản về kế toán tài chính: kế toán tài sản bằng tiền và các khoản phải thu, kế toán hàng tồn kho và các khoản đầu tư, kế toán tài sản cố định, kế toán tiền lương và các khoản trích theo lương, kế toán chi phí sản xuất và giá thành sản phẩm... 
650 |a Kế toán tài chính 
904 |i Nguyên 
980 |a Trung tâm Học liệu Trường Đại học Cần Thơ